Do I Dare (All Lyrics) - Conan Gray - Statistics

General Stats
  • This quiz has been taken 31 times
  • The average score is 188 of 215
Answer Stats
Answer % Correct
a
100%
and
100%
And
100%
dare?
100%
dare
100%
Do
100%
do
100%
I
100%
the
100%
you
100%
you,
100%
ask
93%
been?
93%
by
93%
how
93%
reach
93%
repair?
93%
repair
93%
to
93%
we
93%
you've
93%
clean
87%
cut
87%
heals
87%
it
87%
It
87%
out
87%
quickest
87%
say
87%
say,
87%
say)
87%
They
87%
when
87%
you're
87%
But
80%
if
80%
in
80%
So
80%
that
80%
another,
73%
at
73%
blur?
73%
call
73%
'Cause
73%
crash
73%
December
73%
find
73%
funny
73%
like
73%
magnificent
73%
May
73%
me,
73%
me
73%
me?
73%
Might
73%
(never
73%
never
73%
only
73%
still
73%
take
73%
was
73%
words
73%
back
67%
befriend
67%
curb,
67%
cynical
67%
day,
67%
day)
67%
(Every
67%
every
67%
Fall
67%
first
67%
first?
67%
fly
67%
from
67%
happens
67%
hear
67%
Holding
67%
left
67%
phone
67%
some
67%
spick
67%
spotless
67%
tell
67%
thing
67%
very
67%
wait
67%
what
67%
will
67%
window
67%
you'd
67%
alone
60%
I'd
60%
lost
60%
Or
60%
rotting
60%
saw
60%
took
60%
wren
60%
year
60%
lonely
53%
name
47%
hope
33%
No matching quizzes found
Score Distribution
Percent of People with Each Score
Percentile by Number Answered
Your Score History
You have not taken this quiz